| 000 | 00731cam a2200193ua 4500 | ||
|---|---|---|---|
| 020 | _cRs 21.00 | ||
| 041 |
_aeng _h |
||
| 082 |
_a621.3 _bSTA/EL |
||
| 100 | _aStarling, Sydney G . | ||
| 110 | 1 |
_a . _b _c() |
|
| 245 |
_aElectricity in the service of man / _cSydney G Starling. _hTextual Documents |
||
| 250 |
_a2 / _b. |
||
| 260 |
_aLondon : _bLongman , _c1949. |
||
| 300 | _a255 ; . | ||
| 365 | _aRs 21.00 | ||
| 504 | _a | ||
| 942 | _cBK | ||
| 999 |
_c1473 _d1473 |
||